000 00978nam a22002537a 4500
005 20170124103010.0
010 _aB-140849
020 _c400.00
_a8185309922
035 _aB-140849
037 _bCen Lib/Ret
040 _aDPL
_bHN
082 _a
_bकश्यप
100 _aकश्यप, ओमप्रकाश
_957207
245 _aढाई कदम /
_cओमप्रकाश कश्यप
246 _aDhayi kadam /
_bby Omprakash Kashyap
260 _aगाज़ियाबाद
_bअमित प्रकाशन
_c2004
270 _aके.बी. 97, कवि नगर
_bगाज़ियाबाद
_e201002
300 _a824पृ.
_c20सेमी(सजिल्द )
650 _aहिंदी साहित्य
_x
_z
_957208
650 _aहिंदी उपन्यास
_957209
650 _aHindi literature
_v
_957210
650 _aHindi fiction
_927248
942 _2ddc
_cHN
_h
_mकश्यप
999 _c114534
_d114534